| 000 | 00359nam a2200133Ia 4500 | ||
|---|---|---|---|
| 008 | 191201s2003 xx 000 0 und d | ||
| 082 |
_a621.3 _bGUE |
||
| 100 | _aGUPTA, M L | ||
| 245 | 0 | _aElectrical Engineering Material and Electronic Components | |
| 260 |
_aN.Delhi _bDhanpat Rai Pub (P) Ltd _c2003 |
||
| 300 | _a282 | ||
| 650 | _aB.Tech(ECE) | ||
| 942 |
_2ddc _cBK |
||
| 999 |
_c903 _d903 |
||